Cricket: Leading West Indies Test Bowlers A-Z - Statistics

General Stats
  • This quiz has been taken 152 times
  • The average score is 9 of 19
Answer Stats
letter wickets player % Correct
A 405 Curtly Ambrose
95%
W 519 Courtney Walsh
92%
M 376 Malcolm Marshall
91%
H 249 Michael Holding
87%
R 202 Andy Roberts
71%
S 235 Garry Sobers
65%
G 309 Lance Gibbs
60%
B 161 Ian Bishop
53%
E 165 Fidel Edwards
48%
C 125 Colin Croft
45%
P 93 Patrick Patterson
36%
V 139 Alf Valentine
30%
T 130 Jerome Taylor
30%
K 53 Reon King
28%
N 21 Sunil Narine
21%
L 51 Jermaine Lawson
19%
J 50 Bernard Julien
17%
F 34 Wilfred Ferguson
3%
D 131 Mervyn Dilllon
2%
No matching quizzes found
Score Distribution
Percent of People with Each Score
Percentile by Number Answered
Your Score History
You have not taken this quiz